书目信息 |
| 题名: |
简明大学物理
|
|
| 作者: | 莫文玲 , 盛嘉茂 主编 | |
| 分册: | 下册 | |
| 出版信息: | 北京 北京大学出版社 2005.07 |
|
| 页数: | 228页 | |
| 开本: | 24cm | |
| 丛书名: | ||
| 单 册: | ||
| 中图分类: | O4 | |
| 科图分类: | ||
| 主题词: | 物理学--wu li xue--高等学校--教材 | |
| 电子资源: | ||
| ISBN: | 7-301-08364-5 | |
| 000 | 00797nam0 2200241 450 | |
| 001 | 012006118531 | |
| 005 | 20060303105301.23 | |
| 010 | @a7-301-08364-5@dCNY21.00 | |
| 100 | @a20060303d2005 km y0chiy0121 ea | |
| 101 | 0 | @achi |
| 102 | @aCN@b110000 | |
| 105 | @aa z 000yy | |
| 200 | 1 | @a简明大学物理@Ajian ming da xue wu li@h下册@f莫文玲, 盛嘉茂主编@Fmo wen ling,sheng jia mao zhu bian |
| 210 | @a北京@c北京大学出版社@d2005.07 | |
| 215 | @a228页@c图@d24cm | |
| 330 | @a本书是理工科大学物理教材,简明介绍大学物理涉及的基本概念,基本方法等有关问题。 | |
| 333 | @a高等工科院校教材 | |
| 606 | 0 | @a物理学@Awu li xue@x高等学校@x教材 |
| 690 | @aO4@v4 | |
| 701 | 0 | @a莫文玲@Amo wen ling@4主编 |
| 701 | 0 | @a盛嘉茂@Asheng jia mao@4主编 |
| 801 | 0 | @aCN@bQSSK@c20060303 |
| 905 | @a10447@dO4@eM883:2 | |
| 简明大学物理.下册/莫文玲, 盛嘉茂主编.-北京:北京大学出版社,2005.07 |
| 228页:图;24cm |
| 使用对象:高等工科院校教材 |
| ISBN 7-301-08364-5:CNY21.00 |
| 本书是理工科大学物理教材,简明介绍大学物理涉及的基本概念,基本方法等有关问题。 |
| ● |
| 相关链接 |
|
|
|
正题名:简明大学物理
索取号:O4/M883:2
 
预约/预借
| 序号 | 登录号 | 条形码 | 馆藏地/架位号 | 状态 | 备注 |
| 1 | 554087 | 205540878 | 自科库401/401自科库 54排3列3层/ [索取号:O4/M883:2] | 在馆 | |
| 2 | 554088 | 205540887 | 自科库401/401自科库 54排3列3层/ [索取号:O4/M883:2] | 在馆 | |
| 3 | 554089 | 205540896 | 自科库401/401自科库 54排3列3层/ [索取号:O4/M883:2] | 在馆 |